00501 2200181 4500001002100000005001500021008004100036020002200077035001900099041000700118082001000125090001400135100002600149245005500175260003700230300001800267650003400285INLIS00000000001990320241224115804241224||||||||| | ||| |||| || |  a978-602-8257-00-8 0010-1224019903 aid0 a551.6 a551.6 CUA0 aTim Anaksaleh Pratama00aAku Bertanya Sains Menjawab Cuaca Dan Iklim Seri 9 aJakartabAnaksaleh Pratamac2008 a54hlm;21x29cm 0ailmu Pengetahuan Tentang Bumi